000
00235nam a22000857a 4500
008
160706b xxu||||| |||| 00| 0 eng d
100
_9
2350
_a
Sengupta, A
245
_a
Lalu and the Red Kite
260
_a
New Delhi
_b
National Book Trust
_c
1995
999
_c
2027
_d
2027